Statistics for ASEAN Countries by Chronological Order

Click here to take the quiz!

General Stats

  • This quiz has been taken 13 times
  • The average score is 8 of 10

Answer Stats

AccessionCountry% Correct
8th August 1967
(Founders)
Indonesia
100%
23rd July 1997Laos
86%
Malaysia
86%
28th July 1995Vietnam
86%
7th January 1984Brunei
71%
30th April 1999Cambodia
71%
Myanmar
71%
Philippines
71%
Singapore
71%
Thailand
71%

Score Distribution

Percentile by Number Answered

Percent of People with Each Score

Your Score History

You have not taken this quiz